Mineral resources, Hazelton and Smithers areas, Cassiar and Coast districts, British Columbia. (Record no. 29103)

MARC details
000 -LEADER
fixed length control field 00835cam a22002411 4500
001 - CONTROL NUMBER
control field gs 56000335
003 - CONTROL NUMBER IDENTIFIER
control field DLC
005 - DATE AND TIME OF LATEST TRANSACTION
control field 20260227111404.0
008 - FIXED-LENGTH DATA ELEMENTS--GENERAL INFORMATION
fixed length control field 720309s1954 xx 000 0 eng
010 ## - LIBRARY OF CONGRESS CONTROL NUMBER
LC control number gs 56000335
035 ## - SYSTEM CONTROL NUMBER
System control number (OCoLC)259831
040 ## - CATALOGING SOURCE
Original cataloging agency DLC
Transcribing agency OAkU
Modifying agency DLC
042 ## - AUTHENTICATION CODE
Authentication code premarc
050 00 - LIBRARY OF CONGRESS CALL NUMBER
Classification number QE185
Item number .A2 no. 223, 1954
100 1# - MAIN ENTRY--PERSONAL NAME
Personal name Kindle, Edward Darwin,
Dates associated with a name 1906-
245 10 - TITLE STATEMENT
Title Mineral resources, Hazelton and Smithers areas, Cassiar and Coast districts, British Columbia.
250 ## - EDITION STATEMENT
Edition statement Rev. ed.
260 ## - PUBLICATION, DISTRIBUTION, ETC.
Place of publication, distribution, etc. Ottawa,
Name of publisher, distributor, etc. E. Cloutier, Queen's printer,
Date of publication, distribution, etc. 1954.
300 ## - PHYSICAL DESCRIPTION
Extent v, 148 p.
Other physical details illus., maps (part fold., part col.) profiles, tables.
410 20 - SERIES STATEMENT/ADDED ENTRY--CORPORATE NAME [OBSOLETE, CAN/MARC], [LOCAL, USA]
Corporate name or jurisdiction name as entry element Geological Survey of Canada.
Title of a work Memoir
Volume number/sequential designation 223
500 ## - GENERAL NOTE
General note Part of illustrative matter in pocket.
650 #0 - SUBJECT ADDED ENTRY--TOPICAL TERM
Topical term or geographic name entry element Mines and mineral resources
Geographic subdivision British Columbia.

No items available.

Powered by Koha